Od systému centrálního plánování k pokusům o reformu.

Rýchla a násilná štruktúrna prestavba maďarskej ekonomiky po vojne podľa sovietskeho vzoru. Reforma z januára 1968 a recentralizácia začiatkom 70. rokov. Úsilie o vonkajšiu rovnováhu koncom 70. rokov. Úsilie o vonkajšiu rovnováhu koncom 70. rokov. Kríza systému ekonomického riadenia v 80. rokoch a k...

Ausführliche Beschreibung

Gespeichert in:
Bibliographische Detailangaben
1. Verfasser: Tepper, T.
Format: Buchkapitel
Sprache:Tschechisch
Schlagworte:
Tags: Tag hinzufügen
Keine Tags, Fügen Sie das erste Tag hinzu!

MARC

LEADER 00000naa a2200000 4500
001 r007728
005 20220831085239.8
041 0 |a cze 
044 |a [CS] 
245 1 0 |a Od systému centrálního plánování k pokusům o reformu.  |c T. Tepper 
520 |a Rýchla a násilná štruktúrna prestavba maďarskej ekonomiky po vojne podľa sovietskeho vzoru. Reforma z januára 1968 a recentralizácia začiatkom 70. rokov. Úsilie o vonkajšiu rovnováhu koncom 70. rokov. Úsilie o vonkajšiu rovnováhu koncom 70. rokov. Kríza systému ekonomického riadenia v 80. rokoch a krach centrálneho riadenia. 
610 2 0 |a hospodárstvo národné 
610 2 0 |a MR 
610 2 0 |a reformy hospodárske 
610 2 0 |a dejiny hospodárske 
610 2 0 |a riadenie NH 
610 2 0 |a decentralizácia 
100 1 |a Tepper, T.